|
|
|
|
| LEADER |
00000nam0a2200000 4500 |
| 001 |
124889 |
| 005 |
20231101215909.0 |
| 010 |
|
|
|a 9785829109493
|
| 010 |
|
|
|a 978-5-902767-32-9
|
| 035 |
|
|
|a (RuTPU)RU\TPU\book\135159
|
| 035 |
|
|
|a RU\TPU\book\61720
|
| 090 |
|
|
|a 124889
|
| 100 |
|
|
|a 20031202d2008 m y0rusy50 ca
|
| 101 |
0 |
|
|a rus
|
| 102 |
|
|
|a RU
|
| 105 |
|
|
|a y j 000zy
|
| 200 |
1 |
|
|a Философия
|e учебник для вузов
|f А. А. Аганов [и др.]
|g Московский государственный университет им. М. В. Ломоносова ; под ред. А. Ф. Зотова, В. В. Миронова, А. В. Разина
|
| 210 |
|
|
|a Москва
|c Академический проект
|c Культура
|d 2008
|
| 215 |
|
|
|a 688 с.
|
| 225 |
1 |
|
|a Учебник для вузов
|
| 330 |
|
|
|a Учебник подготовлен коллективом преподавателей Московского государственного университета им. М.В. Ломоносова. Структура учебника максимально приближена к курсу философии, читаемому в настоящее время в большинстве вузов. В учебнике представлены история философии, изложение философии в логическом плане — как системы идей, а также рассмотрены отдельные сферы философского знания, демонстрирующие, как философская методология может быть практически применена при исследовании специфических областей действительности. Авторы стремились сохранить полемический характер изложения, раскрывая перед читателем многообразие подходов, представленных в различных философских школах и направлениях. Для студентов высших учебных заведений.
|
| 606 |
1 |
|
|a Философия
|2 stltpush
|3 (RuTPU)RU\TPU\subj\63880
|9 80812
|
| 610 |
1 |
|
|a история
|
| 610 |
1 |
|
|a сознание
|
| 610 |
1 |
|
|a античная философия
|
| 610 |
1 |
|
|a средневековая философия
|
| 610 |
1 |
|
|a Возрождение
|
| 610 |
1 |
|
|a реформация
|
| 610 |
1 |
|
|a Новое время
|
| 610 |
1 |
|
|a немецкая классическая философия
|
| 610 |
1 |
|
|a русская философия
|
| 610 |
1 |
|
|a прагматизм
|
| 610 |
1 |
|
|a неопозитивизм
|
| 610 |
1 |
|
|a феноменология
|
| 610 |
1 |
|
|a бытие
|
| 610 |
1 |
|
|a онтология
|
| 610 |
1 |
|
|a познание
|
| 610 |
1 |
|
|a социальная философия
|
| 610 |
1 |
|
|a общество
|
| 610 |
1 |
|
|a политика
|
| 610 |
1 |
|
|a этика
|
| 610 |
1 |
|
|a эстетика
|
| 610 |
1 |
|
|a антропология
|
| 610 |
1 |
|
|a наука
|
| 610 |
1 |
|
|a техника
|
| 610 |
1 |
|
|a учебники
|
| 686 |
|
|
|a Ю0/3я73
|v LBC/SL-A
|2 rubbk
|
| 701 |
|
1 |
|a Аганов
|b А. А.
|
| 701 |
|
1 |
|a Аполлонов
|b А. В.
|
| 701 |
|
1 |
|a Васильев
|b В. В.
|
| 701 |
|
1 |
|a Гиренок
|b Ф. И.
|
| 701 |
|
1 |
|a Гржевов
|b В. С.
|
| 702 |
|
1 |
|a Зотов
|b А. Ф.
|4 340
|
| 702 |
|
1 |
|a Миронов
|b В. В.
|4 340
|
| 702 |
|
1 |
|a Разин
|b А. В.
|4 340
|
| 712 |
0 |
2 |
|a Московский государственный университет им. М. В. Ломоносова
|2 stltpush
|3 (RuTPU)RU\TPU\col\7
|
| 801 |
|
1 |
|a RU
|b 63413507
|c 20071108
|g PSBO
|
| 801 |
|
2 |
|a RU
|b 63413507
|c 20150818
|g PSBO
|
| 942 |
|
|
|c BK
|
| 959 |
|
|
|a 78/20071106
|d 2
|e 228,91
|f АНЛ:1
|f ЧЗГЛ:1
|